书目信息 |
| 题名: |
雍正刁钻狠辣狼性之道
|
|
| 作者: | 东野君 著 | |
| 分册: | ||
| 出版信息: | 哈尔滨 黑龙江人民出版社 2005.03 |
|
| 页数: | 363页 | |
| 开本: | 22cm | |
| 丛书名: | ||
| 单 册: | ||
| 中图分类: | K82 , K820.52 | |
| 科图分类: | ||
| 主题词: | 人物传记--中国--清朝--传记--中国 , 人物--传记--中国 | |
| 电子资源: | ||
| ISBN: | 7-207-05421-1 | |
| 000 | 00667nam0 2200229 450 | |
| 001 | 0656807735 | |
| 005 | 20061009150834.98 | |
| 010 | @a7-207-05421-1@dCNY 28.00 | |
| 100 | @a20060831d2005 km y0chiy0120 ea | |
| 101 | 0 | @achi |
| 102 | @aCN@b230000 | |
| 200 | 1 | @a雍正刁钻狠辣狼性之道@Ayong zheng diao zuan hen la lang xing zhi dao@f东野君著@Fdong ye jun zhu |
| 205 | @a2版 | |
| 210 | @a哈尔滨@c黑龙江人民出版社@d2005.03 | |
| 215 | @a363页@d22cm | |
| 606 | 0 | @a人物传记@x中国@x清朝@x传记@x中国 |
| 606 | 0 | @a人物@x传记@x中国 |
| 690 | @aK82@v4 | |
| 690 | @aK820.52@v3 | |
| 701 | 0 | @a东野君@Adong ye jun@4著 |
| 801 | @aCN@c20061009 | |
| 905 | @a10447@dK820.52@eD676 | |
| 雍正刁钻狠辣狼性之道/东野君著.-2版.-哈尔滨:黑龙江人民出版社,2005.03 |
| 363页;22cm |
| ISBN 7-207-05421-1:CNY 28.00 |
| ● |
| 相关链接 |
|
|
|
正题名:雍正刁钻狠辣狼性之道
索取号:K820.52/D676
 
预约/预借
| 序号 | 登录号 | 条形码 | 馆藏地/架位号 | 状态 | 备注 |
| 1 | 610247 | 206102475 | 社科库309/309社科库 44排7列2层/ [索取号:K820.52/D676] | 在馆 | |
| 2 | 610248 | 206102484 | 社科库309/ [索取号:K820.52/D676] | 在馆 | |
| 3 | 610249 | 206102493 | 社科库309/309社科库 44排7列2层/ [索取号:K820.52/D676] | 在馆 |